[Event "17. Obert Int. Sant Marti 2015 - B"]
[Site "Barcelona ESP"]
[Date "2015.07.18"]
[Round "6.38"]
[White "Pascual Gonzalez-Novelles, David"]
[Black "Valbuena Castro, Gregorio"]
[Result "0-1"]
[WhiteElo "1869"]
[BlackElo "1944"]
[PlyCount "56"]
[EventDate "2015.07.13"]
[EventType "swiss"]
[EventRounds "9"]
[EventCountry "ESP"]
[SourceTitle "Ajedrez en Madrid"]
[Source "lmi"]
[SourceDate "2015.07.13"]
[SourceVersion "1"]
[SourceVersionDate "2019.06.21"]
[SourceQuality "1"]

1. e4 e5 2. Nf3 Nf6 3. Nc3 Bb4 4. d3 d5 5. Bd2 d4 6. Ne2 Bd6 7. c3 c5 8. Ng3
Nc6 9. Be2 O-O 10. O-O Be6 11. Ng5 Bd7 12. f4 exf4 13. Bxf4 Ne5 14. Nf3 Neg4
15. e5 Bc7 16. h3 Nd5 17. hxg4 Nxf4 18. Ne4 Nxe2+ 19. Qxe2 Bxg4 20. Nxc5 Qd5
21. cxd4 Bxf3 22. Qxf3 Qxd4+ 23. Qf2 Qxe5 24. Rfe1 Qh2+ 25. Kf1 Bg3 26. Qg1
Qxg1+ 27. Kxg1 Bxe1 28. Rxe1 Rfe8 0-1

[Event "17. Obert Int. Sant Marti 2015 - B"]
[Site "Barcelona ESP"]
[Date "2015.07.18"]
[Round "6.39"]
[White "Llopis Jordan, Lluis"]
[Black "Izquierdo Pujol, Pol"]
[Result "1-0"]
[WhiteElo "1936"]
[BlackElo "1832"]
[PlyCount "45"]
[EventDate "2015.07.13"]
[EventType "swiss"]
[EventRounds "9"]
[EventCountry "ESP"]
[SourceTitle "Ajedrez en Madrid"]
[Source "lmi"]
[SourceDate "2015.07.13"]
[SourceVersion "1"]
[SourceVersionDate "2019.06.21"]
[SourceQuality "1"]

1. d4 d5 2. c4 e5 3. e3 Nc6 4. dxe5 Nxe5 5. cxd5 Nf6 6. Nc3 Bb4 7. Qa4+ Nc6 8.
dxc6 Bxc3+ 9. bxc3 O-O 10. Ba3 Re8 11. Rd1 Nd5 12. c4 Re4 13. Rxd5 Qxd5 14. Qc2
Qa5+ 15. Ke2 Bf5 16. Qb3 Rd8 17. Nf3 Bg4 18. Bb4 Qh5 19. cxb7 Be6 20. Ke1 f5
21. Nd2 Re5 22. Bc3 Rc5 23. b8=Q 1-0

[Event "17. Obert Int. Sant Marti 2015 - B"]
[Site "Barcelona ESP"]
[Date "2015.07.18"]
[Round "6.40"]
[White "Torralba Brosa, Marc"]
[Black "De La Fuente Gil, Roberto"]
[Result "1-0"]
[WhiteElo "1900"]
[BlackElo "1842"]
[PlyCount "63"]
[EventDate "2015.07.13"]
[EventType "swiss"]
[EventRounds "9"]
[EventCountry "ESP"]
[SourceTitle "Ajedrez en Madrid"]
[Source "lmi"]
[SourceDate "2015.07.13"]
[SourceVersion "1"]
[SourceVersionDate "2019.06.21"]
[SourceQuality "1"]

1. e4 c5 2. d4 cxd4 3. c3 dxc3 4. Nxc3 Nc6 5. Nf3 e6 6. Bc4 a6 7. O-O Qc7 8.
Bb3 g6 9. Qe2 Bg7 10. Rd1 Nf6 11. Bg5 O-O 12. h3 b5 13. Rac1 Bb7 14. e5 Ne8 15.
Ne4 f6 16. exf6 Nxf6 17. Nxf6+ Bxf6 18. Rxd7 Qxd7 19. Bxe6+ Qxe6 20. Qxe6+ Kg7
21. Rd1 Rae8 22. Rd7+ Re7 23. Rxe7+ Bxe7 24. Bxe7 Nxe7 25. Qxe7+ Rf7 26. Qe5+
Kh6 27. Nh2 Bc8 28. Ng4+ Bxg4 29. hxg4 b4 30. Kh2 g5 31. Qe6+ Kg7 32. f3 1-0

[Event "17. Obert Int. Sant Marti 2015 - B"]
[Site "Barcelona ESP"]
[Date "2015.07.18"]
[Round "6.41"]
[White "Romero Funieles, Rafael De Jesus"]
[Black "Ani, Virgil"]
[Result "1-0"]
[WhiteElo "1893"]
[BlackElo "1826"]
[PlyCount "47"]
[EventDate "2015.07.13"]
[EventType "swiss"]
[EventRounds "9"]
[EventCountry "ESP"]
[SourceTitle "Ajedrez en Madrid"]
[Source "lmi"]
[SourceDate "2015.07.13"]
[SourceVersion "1"]
[SourceVersionDate "2019.06.21"]
[SourceQuality "1"]

1. e4 d5 2. exd5 Qxd5 3. Nc3 Qa5 4. Nf3 Bg4 5. Be2 Nf6 6. h3 Bh5 7. a3 e6 8. d3
c6 9. Bd2 Qc7 10. d4 Bxf3 11. Bxf3 Nbd7 12. O-O Nd5 13. Bxd5 cxd5 14. Re1 Be7
15. Qg4 g6 16. Rac1 O-O 17. Nxd5 exd5 18. Rxe7 h5 19. Qxd7 Qb6 20. Bh6 Rfd8 21.
Qxb7 Qxb7 22. Rxb7 Kh7 23. Bg5 Rf8 24. Rd7 1-0

[Event "17. Obert Int. Sant Marti 2015 - B"]
[Site "Barcelona ESP"]
[Date "2015.07.18"]
[Round "6.42"]
[White "Villa Cardenas, Jorge"]
[Black "Serentill Tost, Eduard"]
[Result "1-0"]
[WhiteElo "1892"]
[BlackElo "1808"]
[PlyCount "67"]
[EventDate "2015.07.13"]
[EventType "swiss"]
[EventRounds "9"]
[EventCountry "ESP"]
[SourceTitle "Ajedrez en Madrid"]
[Source "lmi"]
[SourceDate "2015.07.13"]
[SourceVersion "1"]
[SourceVersionDate "2019.06.21"]
[SourceQuality "1"]

1. e4 e6 2. c3 d5 3. exd5 exd5 4. Nf3 Bd6 5. d4 Nf6 6. Bd3 O-O 7. O-O c6 8. h3
Qc7 9. Be3 b6 10. Qc2 Ba6 11. Nbd2 Bxd3 12. Qxd3 Nbd7 13. Rac1 b5 14. b3 Rae8
15. c4 a6 16. Ng5 h6 17. Ngf3 Re6 18. Rc2 Bf4 19. Bxf4 Qxf4 20. g3 Qb8 21. Rfc1
Rfe8 22. Kg2 dxc4 23. bxc4 Qd6 24. cxb5 cxb5 25. Nb3 Qd5 26. Nc5 Rd6 27. a4 Rc8
28. Nxd7 Rxc2 29. Nxf6+ Rxf6 30. Rxc2 g6 31. axb5 axb5 32. Rc5 Qa8 33. Rxb5 g5
34. d5 1-0

[Event "17. Obert Int. Sant Marti 2015 - B"]
[Site "Barcelona ESP"]
[Date "2015.07.18"]
[Round "6.43"]
[White "Calbet Freixanet, Eduard"]
[Black "Valero Recalde, Pablo"]
[Result "1-0"]
[WhiteElo "1890"]
[BlackElo "1800"]
[PlyCount "111"]
[EventDate "2015.07.13"]
[EventType "swiss"]
[EventRounds "9"]
[EventCountry "ESP"]
[SourceTitle "Ajedrez en Madrid"]
[Source "lmi"]
[SourceDate "2015.07.13"]
[SourceVersion "1"]
[SourceVersionDate "2019.06.21"]
[SourceQuality "1"]

1. d4 d5 2. c4 Nc6 3. Nf3 Bg4 4. cxd5 Bxf3 5. dxc6 Bxc6 6. Nc3 e6 7. e4 Bb4 8.
f3 Qd7 9. Be3 Bxc3+ 10. bxc3 Bb5 11. c4 Ba6 12. Be2 Ne7 13. O-O Rd8 14. d5 O-O
15. Qc2 exd5 16. cxd5 Bxe2 17. Qxe2 b6 18. Qc2 c6 19. dxc6 Qxc6 20. Rac1 Qxc2
21. Rxc2 Rd7 22. Rfc1 Rfd8 23. Rc7 f5 24. Bg5 Rd1+ 25. Rxd1 Rxd1+ 26. Kf2 Ng6
27. exf5 Ne5 28. Rxa7 h6 29. Be3 Nc4 30. Rc7 Nxe3 31. Kxe3 Ra1 32. Ra7 Rb1 33.
a4 Rb2 34. Rb7 Rxg2 35. Rxb6 Rxh2 36. a5 Ra2 37. Rb8+ Kf7 38. Ra8 Kf6 39. a6
Kxf5 40. a7 Kg6 41. f4 Kh5 42. f5 Ra1 43. Kf4 Ra5 44. Ke4 Kg4 45. f6 Ra4+ 46.
Kd3 Ra3+ 47. Kc4 gxf6 48. Rg8+ Kh4 49. a8=Q Rxa8 50. Rxa8 h5 51. Rg8 Kh3 52.
Kd3 h4 53. Ke3 Kh2 54. Kf2 h3 55. Rh8 f5 56. Rh7 1-0

[Event "17. Obert Int. Sant Marti 2015 - B"]
[Site "Barcelona ESP"]
[Date "2015.07.18"]
[Round "6.44"]
[White "Muñoz Jordan, Carlos"]
[Black "Palomero Galvez, Antoni"]
[Result "1/2-1/2"]
[WhiteElo "1889"]
[BlackElo "1762"]
[PlyCount "44"]
[EventDate "2015.07.13"]
[EventType "swiss"]
[EventRounds "9"]
[EventCountry "ESP"]
[SourceTitle "Ajedrez en Madrid"]
[Source "lmi"]
[SourceDate "2015.07.13"]
[SourceVersion "1"]
[SourceVersionDate "2019.06.21"]
[SourceQuality "1"]

1. e4 e5 2. Nf3 Nc6 3. Bb5 a6 4. Bxc6 dxc6 5. O-O Bd6 6. d4 Bg4 7. dxe5 Bxf3 8.
Qxf3 Bxe5 9. Nc3 Nf6 10. Bg5 O-O 11. Rad1 Qe7 12. Rd3 Rad8 13. Rfd1 Rxd3 14.
Qxd3 Bxh2+ 15. Kxh2 Ng4+ 16. Kg1 Qxg5 17. Qg3 h5 18. Qxc7 Ne5 19. Qxb7 Nf3+ 20.
Kf1 Nh2+ 21. Kg1 Nf3+ 22. Kf1 Nh2+ 1/2-1/2

[Event "17. Obert Int. Sant Marti 2015 - B"]
[Site "Barcelona ESP"]
[Date "2015.07.18"]
[Round "6.45"]
[White "Martinez Navarro, Miquel"]
[Black "Nin Serres, Pere"]
[Result "0-1"]
[WhiteElo "1781"]
[BlackElo "1877"]
[PlyCount "66"]
[EventDate "2015.07.13"]
[EventType "swiss"]
[EventRounds "9"]
[EventCountry "ESP"]
[SourceTitle "Ajedrez en Madrid"]
[Source "lmi"]
[SourceDate "2015.07.13"]
[SourceVersion "1"]
[SourceVersionDate "2019.06.21"]
[SourceQuality "1"]

1. d4 e6 2. c4 Nf6 3. Nc3 b6 4. e4 Bb4 5. Qc2 Nc6 6. Nf3 h6 7. Bd2 d5 8. e5
Bxc3 9. Bxc3 Ne4 10. Bd3 Nxc3 11. Qxc3 dxc4 12. Bxc4 Na5 13. Be2 Bb7 14. b4 Nc6
15. Bb5 Qd5 16. Bc4 Qe4+ 17. Be2 Ba6 18. O-O Bxe2 19. Rfe1 Rc8 20. Rxe2 Qxe2
21. Qxc6+ Ke7 22. Qb7 Qb2 23. Rd1 Rhd8 24. h4 Qxa2 25. Rc1 Qd5 26. Rxc7+ Rxc7
27. Qxc7+ Rd7 28. Qc3 Kd8 29. Qa3 b5 30. Qa6 Qb7 31. Qa3 Rc7 32. Nd2 Qc6 33.
Nf3 Qc1+ 0-1

[Event "17. Obert Int. Sant Marti 2015 - B"]
[Site "Barcelona ESP"]
[Date "2015.07.18"]
[Round "6.46"]
[White "Varela Cuadrado, Cesar"]
[Black "Bernat Mor, Juli"]
[Result "1-0"]
[WhiteElo "1876"]
[BlackElo "1687"]
[PlyCount "81"]
[EventDate "2015.07.13"]
[EventType "swiss"]
[EventRounds "9"]
[EventCountry "ESP"]
[SourceTitle "Ajedrez en Madrid"]
[Source "lmi"]
[SourceDate "2015.07.13"]
[SourceVersion "1"]
[SourceVersionDate "2019.06.21"]
[SourceQuality "1"]

1. e4 c6 2. Nc3 d5 3. f4 d4 4. Nce2 Bg4 5. h3 Bxe2 6. Bxe2 e6 7. Nf3 Ne7 8. O-O
g6 9. d3 Bg7 10. Bd2 O-O 11. Qe1 f5 12. Ng5 Qc8 13. Qh4 h6 14. Nf3 Rf7 15. Ne5
Rf6 16. Nc4 c5 17. e5 Rf8 18. Qxe7 Rf6 19. exf6 Bf8 20. f7+ Kg7 21. Qh4 Nc6 22.
Ne5 Qc7 23. Qg3 Nxe5 24. fxe5 Qxf7 25. Bh5 b6 26. Bxg6 Qxg6 27. Qxg6+ Kxg6 28.
g4 Re8 29. gxf5+ exf5 30. Rae1 Re6 31. Rf3 Bg7 32. Bf4 Kh7 33. Rg3 Kh8 34. Kf2
Kh7 35. Reg1 Bf8 36. Rg8 Re8 37. e6 Rxe6 38. Rxf8 Re7 39. Rfg8 Rf7 40. R8g6 Rd7
41. Rxh6# 1-0

[Event "17. Obert Int. Sant Marti 2015 - B"]
[Site "Barcelona ESP"]
[Date "2015.07.18"]
[Round "6.47"]
[White "Lopez Abaurrea, Eduard"]
[Black "Mas Sayos, Lluis"]
[Result "1/2-1/2"]
[WhiteElo "1756"]
[BlackElo "1863"]
[PlyCount "88"]
[EventDate "2015.07.13"]
[EventType "swiss"]
[EventRounds "9"]
[EventCountry "ESP"]
[SourceTitle "Ajedrez en Madrid"]
[Source "lmi"]
[SourceDate "2015.07.13"]
[SourceVersion "1"]
[SourceVersionDate "2019.06.21"]
[SourceQuality "1"]

1. d4 Nf6 2. c4 g6 3. Nc3 Bg7 4. e4 d6 5. Be2 O-O 6. Nf3 e5 7. dxe5 dxe5 8.
Qxd8 Rxd8 9. Bg5 Re8 10. Rd1 h6 11. Bxf6 Bxf6 12. Nd5 Bd8 13. Nxe5 Rxe5 14. Nb6
Nc6 15. Nxa8 b6 16. f3 Bb7 17. Rxd8+ Nxd8 18. Nxc7 Kg7 19. Kf2 Rc5 20. Nd5 Nc6
21. Rd1 Ne5 22. b3 g5 23. h3 Ng6 24. g3 Bc8 25. Kg2 Rc6 26. Kh2 a6 27. Kg2 Re6
28. Kh2 Nf8 29. Kg2 Ng6 30. Nc7 Rc6 31. Nd5 Re6 32. Ne3 Ne7 33. Rd2 Bb7 34. Rd7
Bc8 35. Rd3 Kg6 36. g4 Rc6 37. Nd5 Nxd5 38. Rxd5 Be6 39. Rd4 b5 40. Kf2 h5 41.
Ke3 hxg4 42. fxg4 Kf6 43. Bf3 Ke5 44. Be2 b4 1/2-1/2

[Event "17. Obert Int. Sant Marti 2015 - B"]
[Site "Barcelona ESP"]
[Date "2015.07.18"]
[Round "6.48"]
[White "Jimenez Rimblas, Raul"]
[Black "Espadero Roda, Francesc"]
[Result "0-1"]
[WhiteElo "1708"]
[BlackElo "1862"]
[PlyCount "90"]
[EventDate "2015.07.13"]
[EventType "swiss"]
[EventRounds "9"]
[EventCountry "ESP"]
[SourceTitle "Ajedrez en Madrid"]
[Source "lmi"]
[SourceDate "2015.07.13"]
[SourceVersion "1"]
[SourceVersionDate "2019.06.21"]
[SourceQuality "1"]

1. e4 c5 2. Nf3 d6 3. d4 cxd4 4. Nxd4 Nf6 5. Nc3 a6 6. Bc4 e6 7. Bg5 Be7 8. O-O
b5 9. Bb3 b4 10. Bxf6 Bxf6 11. Ba4+ Bd7 12. Bxd7+ Qxd7 13. Nce2 O-O 14. a3 Nc6
15. axb4 Nxb4 16. c3 Nc6 17. Nxc6 Qxc6 18. Ra4 Rab8 19. b3 Rb5 20. Nd4 Bxd4 21.
cxd4 Rfb8 22. Rc4 Qxe4 23. Re1 Qd5 24. Qc2 h6 25. Re3 Qb7 26. Rcc3 g6 27. d5
Qxd5 28. h3 Kg7 29. Red3 Qe5 30. Rc7 Rc5 31. Rxc5 dxc5 32. Re3 Qd4 33. Re4 Qd5
34. Qc3+ f6 35. Rc4 Qd1+ 36. Kh2 Rxb3 37. Qa5 Qd6+ 38. g3 Rb5 39. Qa4 Rb2 40.
Rf4 e5 41. Rf3 Rb4 42. Qc2 a5 43. Rd3 Rd4 44. Rxd4 exd4 45. h4 d3 0-1

[Event "17. Obert Int. Sant Marti 2015 - B"]
[Site "Barcelona ESP"]
[Date "2015.07.18"]
[Round "6.49"]
[White "Fungueiriño Pique, Daniel"]
[Black "Minko, Uliana"]
[Result "1-0"]
[WhiteElo "1859"]
[BlackElo "1270"]
[PlyCount "63"]
[EventDate "2015.07.13"]
[EventType "swiss"]
[EventRounds "9"]
[EventCountry "ESP"]
[SourceTitle "Ajedrez en Madrid"]
[Source "lmi"]
[SourceDate "2015.07.13"]
[SourceVersion "1"]
[SourceVersionDate "2019.06.21"]
[SourceQuality "1"]

1. d4 e6 2. Nf3 d5 3. e3 Bd6 4. Bd3 Nc6 5. c3 Nge7 6. e4 dxe4 7. Bxe4 e5 8. d5
Na5 9. Qa4+ Nac6 10. dxc6 Nxc6 11. Bg5 f6 12. Bh4 Bd7 13. Qc2 Ne7 14. Nbd2 Bf5
15. Bxf5 Nxf5 16. Qxf5 Rf8 17. Qxh7 Qd7 18. Qg6+ Rf7 19. O-O-O a5 20. Nc4 b6
21. Qe4 Ra7 22. Nxd6+ cxd6 23. Rd5 Qc6 24. Rxe5+ Kd7 25. Qxc6+ Kxc6 26. Nd4+
Kd7 27. Re6 Rc7 28. Rhe1 Rc5 29. Bg3 Kc8 30. Rxd6 Kb7 31. Ree6 Rfc7 32. Rxb6+
1-0

[Event "17. Obert Int. Sant Marti 2015 - B"]
[Site "Barcelona ESP"]
[Date "2015.07.18"]
[Round "6.50"]
[White "Khudov, Oleksandr"]
[Black "Garcia Gil, Jose Antonio"]
[Result "1/2-1/2"]
[WhiteElo "1528"]
[BlackElo "1852"]
[PlyCount "135"]
[EventDate "2015.07.13"]
[EventType "swiss"]
[EventRounds "9"]
[EventCountry "ESP"]
[SourceTitle "Ajedrez en Madrid"]
[Source "lmi"]
[SourceDate "2015.07.13"]
[SourceVersion "1"]
[SourceVersionDate "2019.06.21"]
[SourceQuality "1"]

1. c4 e5 2. Nc3 c5 3. d3 Nf6 4. Nf3 d6 5. g3 Nc6 6. Bg2 Be7 7. O-O h6 8. e3 Be6
9. b3 Qd7 10. Re1 Bh3 11. Bh1 Bg4 12. Qd2 Rd8 13. Bb2 h5 14. Nd5 Nxd5 15. cxd5
Nb4 16. Qc3 Na6 17. d4 cxd4 18. exd4 Rc8 19. Qd2 O-O 20. dxe5 Bxf3 21. Bxf3 Qf5
22. exd6 Rc2 23. Qe3 Bxd6 24. Be4 Qc8 25. Bxc2 Qxc2 26. Qd4 f6 27. Rac1 Qf5 28.
Qxa7 Nb4 29. Qxb7 Nd3 30. Qb6 h4 31. f4 Qxd5 32. Qd4 Qf3 33. Qe3 Qxe3+ 34. Rxe3
Nxc1 35. Bxc1 Bc5 36. Kf2 h3 37. b4 Bxe3+ 38. Kxe3 Rc8 39. Kd2 Kf7 40. a4 Ke6
41. Bb2 Kd5 42. Kd3 Rc4 43. Bc3 Rc7 44. a5 Kc6 45. Bd4 Kb5 46. Bc5 Rd7+ 47. Ke2
g5 48. fxg5 fxg5 49. g4 Rf7 50. Bd6 Rd7 51. Bc5 Rf7 52. Bd6 Rf6 53. Bc5 Rf4 54.
Ke3 Rxg4 55. Kf3 Rg2 56. Bd6 g4+ 57. Ke3 Ra2 58. Ke4 Rf2 59. Ke3 Rc2 60. Ke4
Rc4+ 61. Kf5 Rd4 62. Bc5 Rc4 63. Bd6 Rc6 64. Bf4 Kxb4 65. Kxg4 Kxa5 66. Kxh3
Rc2 67. Kg4 Rxh2 68. Bxh2 1/2-1/2

[Event "17. Obert Int. Sant Marti 2015 - B"]
[Site "Barcelona ESP"]
[Date "2015.07.18"]
[Round "6.51"]
[White "Martin Sanchez, Antoni"]
[Black "Romano Cases, Jordi"]
[Result "1-0"]
[WhiteElo "1903"]
[BlackElo "1700"]
[PlyCount "59"]
[EventDate "2015.07.13"]
[EventType "swiss"]
[EventRounds "9"]
[EventCountry "ESP"]
[SourceTitle "Ajedrez en Madrid"]
[Source "lmi"]
[SourceDate "2015.07.13"]
[SourceVersion "1"]
[SourceVersionDate "2019.06.21"]
[SourceQuality "1"]

1. d4 f5 2. Nf3 Nf6 3. Nbd2 e6 4. c3 d5 5. e3 Bd6 6. Bd3 O-O 7. O-O c6 8. h3
Bd7 9. c4 Be8 10. a3 Bh5 11. Qc2 Ne4 12. c5 Bc7 13. b4 g5 14. Be2 g4 15. hxg4
fxg4 16. Ne5 Nxd2 17. Qxd2 Qg5 18. e4 Qxd2 19. Bxd2 Bxe5 20. dxe5 Nd7 21. Bc3
dxe4 22. Rad1 Rad8 23. Rd6 Rfe8 24. Rfd1 Re7 25. R6d4 Kh8 26. Rxe4 Rg8 27. g3
Nf8 28. Bd2 Rg6 29. Rd4 Kg7 30. Bd3 1-0

[Event "17. Obert Int. Sant Marti 2015 - B"]
[Site "Barcelona ESP"]
[Date "2015.07.18"]
[Round "6.52"]
[White "Bes Alvarez, Alex"]
[Black "Pico Garcia, Antonio"]
[Result "1-0"]
[WhiteElo "1743"]
[BlackElo "1821"]
[PlyCount "53"]
[EventDate "2015.07.13"]
[EventType "swiss"]
[EventRounds "9"]
[EventCountry "ESP"]
[SourceTitle "Ajedrez en Madrid"]
[Source "lmi"]
[SourceDate "2015.07.13"]
[SourceVersion "1"]
[SourceVersionDate "2019.06.21"]
[SourceQuality "1"]

1. d4 d5 2. c4 e5 3. dxe5 d4 4. Nf3 Nc6 5. e3 Bb4+ 6. Bd2 dxe3 7. fxe3 Bf5 8.
a3 Bxd2+ 9. Nbxd2 Nge7 10. Be2 Ng6 11. O-O O-O 12. Nd4 Nxd4 13. exd4 Qxd4+ 14.
Kh1 Qxe5 15. b4 Rad8 16. Bf3 Bc8 17. Re1 Qg5 18. Ra2 Nh4 19. Qe2 Nxf3 20. Nxf3
Qf6 21. Qe3 b6 22. Ne5 Bb7 23. Ng4 Qg6 24. h3 h5 25. Ne5 Qxg2+ 26. Rxg2 Bxg2+
27. Kxg2 1-0

[Event "17. Obert Int. Sant Marti 2015 - B"]
[Site "Barcelona ESP"]
[Date "2015.07.18"]
[Round "6.53"]
[White "Tordera Jumilla, Joaquim"]
[Black "Cano Vila, Eduard"]
[Result "0-1"]
[WhiteElo "1545"]
[BlackElo "1804"]
[PlyCount "44"]
[EventDate "2015.07.13"]
[EventType "swiss"]
[EventRounds "9"]
[EventCountry "ESP"]
[SourceTitle "Ajedrez en Madrid"]
[Source "lmi"]
[SourceDate "2015.07.13"]
[SourceVersion "1"]
[SourceVersionDate "2019.06.21"]
[SourceQuality "1"]

1. d4 d5 2. Bg5 Nf6 3. Nc3 Bf5 4. e3 e6 5. a3 Be7 6. h3 O-O 7. Bxf6 Bxf6 8. Qf3
Bxc2 9. e4 dxe4 10. Nxe4 Bxd4 11. Rc1 Bxe4 12. Qxe4 Bxb2 13. Qxb7 Bxc1 14. Nf3
Nd7 15. Bd3 Nc5 16. Qxa8 Nxd3+ 17. Kf1 Qxa8 18. Kg1 Qe4 19. Kh2 Bf4+ 20. g3
Qxf3 21. h4 Qxf2+ 22. Kh3 Qxg3# 0-1

[Event "17. Obert Int. Sant Marti 2015 - B"]
[Site "Barcelona ESP"]
[Date "2015.07.18"]
[Round "6.54"]
[White "Buisan Arnau, Oriol"]
[Black "Grasa Solanas, Oscar"]
[Result "1/2-1/2"]
[WhiteElo "1756"]
[BlackElo "1682"]
[PlyCount "65"]
[EventDate "2015.07.13"]
[EventType "swiss"]
[EventRounds "9"]
[EventCountry "ESP"]
[SourceTitle "Ajedrez en Madrid"]
[Source "lmi"]
[SourceDate "2015.07.13"]
[SourceVersion "1"]
[SourceVersionDate "2019.06.21"]
[SourceQuality "1"]

1. e4 c5 2. Nf3 Nc6 3. d4 cxd4 4. Nxd4 a6 5. Be3 d6 6. Nc3 Nf6 7. f3 e6 8. Bc4
Be7 9. Qd2 O-O 10. O-O Na5 11. Bd3 Bd7 12. Nb3 Rc8 13. Qf2 Nc4 14. Bxc4 Rxc4
15. a3 b5 16. Bb6 Qb8 17. Ba7 Qa8 18. Na5 Rcc8 19. Rfd1 Ne8 20. Rd3 Bd8 21. Bb6
Bf6 22. Bd4 Bxd4 23. Qxd4 Qb8 24. Rad1 Qc7 25. b4 Qb8 26. R1d2 Rc7 27. Qe3 Qc8
28. Nb3 Rc4 29. Na5 Rc7 30. Kf1 Bc6 31. Qb6 Bd7 32. Qe3 f6 33. Ke1 1/2-1/2

[Event "17. Obert Int. Sant Marti 2015 - B"]
[Site "Barcelona ESP"]
[Date "2015.07.18"]
[Round "6.55"]
[White "Olleta Tanya, Jordi"]
[Black "Cassi Gimeno, Jordi"]
[Result "1-0"]
[WhiteElo "1720"]
[BlackElo "1747"]
[PlyCount "85"]
[EventDate "2015.07.13"]
[EventType "swiss"]
[EventRounds "9"]
[EventCountry "ESP"]
[SourceTitle "Ajedrez en Madrid"]
[Source "lmi"]
[SourceDate "2015.07.13"]
[SourceVersion "1"]
[SourceVersionDate "2019.06.21"]
[SourceQuality "1"]

1. Nf3 d5 2. d4 Nf6 3. Bg5 Bg4 4. h3 Bxf3 5. exf3 Nbd7 6. Bf4 e6 7. Bd3 c5 8.
c3 cxd4 9. O-O e5 10. Bg5 Qb6 11. Qc2 Rc8 12. Bxf6 Nxf6 13. Qa4+ Kd8 14. Qb3
Bc5 15. Qxb6+ Bxb6 16. Rc1 e4 17. fxe4 dxe4 18. Bf1 d3 19. Rd1 Kc7 20. Nd2 Kb8
21. g3 Rhd8 22. Kg2 e3 23. fxe3 Bxe3 24. Nf3 d2 25. Ne5 Ne4 26. Kf3 Nf2 27.
Kxe3 Nxd1+ 28. Rxd1 Rc7 29. Rxd2 Rxd2 30. Kxd2 f6 31. Nf3 a6 32. Bd3 h6 33. Nd4
Kc8 34. Bg6 Kd7 35. Bf5+ Ke8 36. Bg6+ Ke7 37. g4 Rd7 38. Kc2 Rc7 39. b3 Rd7 40.
b4 Rc7 41. Bf5 Kf7 42. Ne6 Rc6 43. Nd8+ 1-0

[Event "17. Obert Int. Sant Marti 2015 - B"]
[Site "Barcelona ESP"]
[Date "2015.07.18"]
[Round "6.56"]
[White "Beltran Vidal, Daniel"]
[Black "Marcelo, Diego Luis"]
[Result "1-0"]
[WhiteElo "1852"]
[BlackElo "1718"]
[PlyCount "99"]
[EventDate "2015.07.13"]
[EventType "swiss"]
[EventRounds "9"]
[EventCountry "ESP"]
[SourceTitle "Ajedrez en Madrid"]
[Source "lmi"]
[SourceDate "2015.07.13"]
[SourceVersion "1"]
[SourceVersionDate "2019.06.21"]
[SourceQuality "1"]

1. Nf3 d5 2. d4 Nf6 3. c4 c6 4. Nc3 Bf5 5. Qb3 e6 6. Qxb7 Nbd7 7. Qxc6 Rc8 8.
Qa4 Rxc4 9. Qd1 Rc6 10. e3 Bb4 11. Bd2 Ne4 12. Bb5 Nxc3 13. bxc3 Rxc3 14. O-O
Rd3 15. Bxd3 Bxd3 16. Bxb4 Bxf1 17. Qxf1 a5 18. Ba3 Nb6 19. Qb5+ Nd7 20. Ne5 f6
21. Qxd7+ Qxd7 22. Nxd7 Kxd7 23. Rc1 Rb8 24. g4 g5 25. Kg2 Ke8 26. Rc7 Kd8 27.
Rxh7 Rc8 28. Rh8+ Kd7 29. Rxc8 Kxc8 30. Be7 Kd7 31. Bxf6 Kc6 32. a4 Kd6 33.
Bxg5 Kd7 34. h4 Ke8 35. Kf3 Kf7 36. Bd8 Kg6 37. Bxa5 Kf6 38. Bc7 Ke7 39. Be5
Kd7 40. h5 Kc6 41. h6 Kb6 42. h7 Ka5 43. h8=Q Kxa4 44. Qb8 Ka5 45. Ke2 Ka4 46.
Qb6 Ka3 47. Qb5 Ka2 48. Kd2 Ka3 49. Kc2 Ka2 50. Qb2# 1-0

[Event "17. Obert Int. Sant Marti 2015 - B"]
[Site "Barcelona ESP"]
[Date "2015.07.18"]
[Round "6.57"]
[White "Guinjoan Fradera, Joan"]
[Black "Vidal Moll, Francesc"]
[Result "0-1"]
[WhiteElo "1726"]
[BlackElo "1791"]
[PlyCount "60"]
[EventDate "2015.07.13"]
[EventType "swiss"]
[EventRounds "9"]
[EventCountry "ESP"]
[SourceTitle "Ajedrez en Madrid"]
[Source "lmi"]
[SourceDate "2015.07.13"]
[SourceVersion "1"]
[SourceVersionDate "2019.06.21"]
[SourceQuality "1"]

1. e4 e6 2. d4 d5 3. e5 c5 4. c3 Qb6 5. Qb3 Nc6 6. Qxb6 axb6 7. Bb5 Bd7 8. Nf3
Na5 9. Bxd7+ Kxd7 10. O-O h6 11. h3 g5 12. Nh2 f5 13. f4 Be7 14. Na3 Rh7 15.
Nb5 Rg7 16. fxg5 hxg5 17. Rf3 Nh6 18. b3 Nxb3 19. Rb1 Nxc1 20. Rxc1 Rxa2 21.
Rcf1 g4 22. hxg4 Nxg4 23. Rb1 Nxh2 24. Kxh2 Raxg2+ 25. Kh1 R2g6 26. Rh3 c4 27.
Rh8 f4 28. Nd6 f3 29. Rxb6 Rg1+ 30. Kh2 R7g2+ 0-1

[Event "17. Obert Int. Sant Marti 2015 - B"]
[Site "Barcelona ESP"]
[Date "2015.07.18"]
[Round "6.58"]
[White "Borja Casas, Jordi"]
[Black "Ortega Farrus, Alfonso"]
[Result "0-1"]
[WhiteElo "1764"]
[BlackElo "1704"]
[PlyCount "54"]
[EventDate "2015.07.13"]
[EventType "swiss"]
[EventRounds "9"]
[EventCountry "ESP"]
[SourceTitle "Ajedrez en Madrid"]
[Source "lmi"]
[SourceDate "2015.07.13"]
[SourceVersion "1"]
[SourceVersionDate "2019.06.21"]
[SourceQuality "1"]

1. e4 d5 2. Nc3 d4 3. Nce2 e5 4. Nf3 Nc6 5. Ng3 Nf6 6. Bc4 Be7 7. O-O O-O 8. c3
Bg4 9. Be2 d3 10. h3 dxe2 11. Qxe2 Be6 12. Qb5 Rb8 13. Nxe5 Nxe5 14. Qxe5 Bc4
15. Re1 Re8 16. Qf4 Bf8 17. e5 Bd5 18. c4 Bc6 19. b3 Nd7 20. Bb2 Nc5 21. d4 Nd3
22. Qd2 Nxb2 23. Qxb2 Qg5 24. Re3 f5 25. e6 f4 26. Re5 Qg6 27. Nf1 Qxg2# 0-1